Les plus grandes villes du Canada A-Z - Statistiques

Statistiques générales
  • Ce quiz a été pris 44 fois
  • Le résultat moyen est 10 sur 25
Statistiques - réponses
Lettre Population Ville % Correct
M 1 762 949 Montréal
97%
T 2 794 356 Toronto
97%
V 662 248 Vancouver
94%
Q 549 459 Québec
88%
C 1 306 784 Calgary
85%
O 1 017 449 Ottawa
79%
E 1 010 899 Edmonton
76%
W 749 607 Winnipeg
59%
R 226 404 Regina
50%
L 422 324 London
38%
G 291 041 Gatineau
35%
Y 20 340 Yellowknife
35%
F 63 116 Fredericton
26%
H 569 353 Hamilton
26%
B 656 480 Brampton
21%
S 568 322 Surrey
18%
K 256 885 Kitchener
15%
N 99 863 Nanaimo
9%
A 154 824 Abottsford
3%
D 108 455 Delta
3%
P 99 186 Pickering
3%
I 43 326 Innisfil
0%
J 21 384 Joliette
0%
U 21 556 Uxbridge
0%
Z 8 138 Zorra
0%
Aucun quiz correspondant
Distribution des résultats
% des personnes avec chaque résultat
Percentile par nombre de réponses
Votre historique - résultats
Vous n’avez pas pris ce quiz